000 00567nam a22001817a 4500
999 _c167473
_d167473
005 20190904151718.0
010 _aENG-126414
020 _c295.00
_a978-93-50335-60-4
035 _aEN-109946
037 _bDBAD/PUB
082 _a920
100 _aChandan, Rahul
245 _aKps Gill :
_cby Rahul Chandan
_bThe Paramount Cop /
260 _aNoida
_bMaple Press Private Limited
_c2018
270 _bNoida
_aA-63,sector 58, Noida
_e201301
_k+911204553581
_k4553583
_minfo@maplepress.co.in
300 _a204p.
_c22cm(pb)
942 _2ddc
_cEN
_h920
_mCHA